[Event "Extraliga CZE"]
[Site "Ostrava CZE"]
[Date "2000.02.05"]
[Round "8"]
[White "Olsar,J"]
[Black "Berezjuk,S"]
[Result "1-0"]
[WhiteElo "2250"]
[BlackElo "2354"]

1.e4 c5 2.c3 Nf6 3.e5 Nd5 4.d4 cxd4 5.Nf3 d6 6.cxd4 e6 7.a3 Be7 8.Bd3 Nd7
9.O-O O-O 10.Be4 dxe5 11.Bxd5 exd5 12.dxe5 Nb6 13.Nc3 Be6 14.b3 f6 15.Nd4 Qd7
16.Ncb5 Rfc8 17.Nxe6 Qxe6 18.Nd4 Qxe5 19.Re1 Qc7 20.Qf3 Qd7 21.Bf4 Bf8 22.h3 Re8
23.a4 Bb4 24.Rxe8+ Rxe8 25.Rd1 Re1+ 26.Rxe1 Bxe1 27.Nc2 Qe6 28.Kf1 Ba5 29.b4 Qc6
30.bxa5 Nxa4 31.Qe2 h6 32.Nd4 Qc4 33.Qxc4 dxc4 34.Ke1 b6 35.axb6 axb6 36.Kd1 Kf7
37.Kc2 g5 38.Bc7 Ke7 39.Ne2 Kd7 40.Bg3 Kc6 41.Nc3 Nc5 42.f3 b5 43.Ne4 f5
44.Nxc5 Kxc5 45.Bf2+ Kb4 46.g4 fxg4 47.fxg4 Ka4 48.Kc3 b4+ 49.Kxc4 b3 50.Bd4 Ka3
51.Kd3  1-0

[Event "Extraliga CZE"]
[Site "Ostrava CZE"]
[Date "2000.02.06"]
[Round "9"]
[White "Bazant,P jr"]
[Black "Orsag,Mil"]
[Result "1/2-1/2"]
[WhiteElo "2233"]
[BlackElo "2407"]

1.e4 c5 2.c3 Nf6 3.e5 Nd5 4.d4 cxd4 5.Nf3 e6 6.cxd4 b6 7.Bd3 Bb4+ 8.Bd2 Bxd2+
9.Nfxd2 Ba6 10.Ne4 O-O 11.Nbc3 Bxd3 12.Qxd3 Nc6 13.O-O Nce7 14.Rac1 a6 15.a3 b5
16.Nxd5 Nxd5 17.Rc5 Kh8 18.f4 f6 19.Nd6 fxe5 20.Rxd5 e4 21.Qxe4 exd5 22.Qxd5 Qf6
23.g3 Rab8 24.Qc5 Qe6 25.f5 Qe3+ 26.Kg2 Rf6 27.Qe5 Qxe5 28.dxe5 Rff8 29.e6 Rf6
30.Ne4 dxe6 31.Nxf6 gxf6 32.fxe6 Re8 33.Rxf6 Kg7 34.Rf7+ Kg6 35.Kf3 Rxe6
36.Ra7 h5 37.Rc7 Kf6 38.h3 Kg6 39.Rc2 Kf6 40.Kf4 Kg6 41.Rc5 Rf6+ 42.Ke4 Kh6
43.Rc3 Rd6 44.Kf4 Rb6 45.Kf5 b4 46.axb4 Rxb4 47.Rc6+ Kg7 48.Kg5 Rb5+ 49.Kh4 a5
50.Rc7+ Kg6 51.g4 hxg4 52.hxg4 a4 53.Rc6+ Kg7 54.Ra6 Rxb2 55.Kh5 Rb7 56.g5 Rc7
57.Rxa4 Rb7 58.Ra5 Rc7 59.Ra6 Rb7 60.Ra5 Rc7 61.g6 Rb7 62.Rf5 Rc7 63.Rf7+ Rxf7
64.gxf7 Kxf7  1/2-1/2

[Event "Petroff Mem Open"]
[Site "St Petersburg RUS"]
[Date "2000.02.07"]
[Round "1"]
[White "Alekseev,E"]
[Black "Paramonov,D"]
[Result "1-0"]
[WhiteElo "2475"]
[BlackElo "2279"]

1.e4 c5 2.c3 Nf6 3.e5 Nd5 4.d4 cxd4 5.Nf3 Nc6 6.Bc4 Nb6 7.Bb3 d6 8.exd6 Qxd6
9.O-O Be6 10.Na3 Bxb3 11.Qxb3 e6 12.Nb5 Qb8 13.Nbxd4 Be7 14.a4 Nd7 15.Re1 a6
16.a5 Qc7 17.Nxc6 bxc6 18.Qc4 O-O 19.Bf4 Bd6 20.Bxd6 Qxd6 21.Rad1 Qc7 22.Nd4 c5
23.Nxe6 fxe6 24.Rxe6 Kh8 25.Re7 Ne5 26.Qe6 Rad8 27.Rxd8 Nf3+ 28.gxf3 Qxd8
29.Qd7 Qb8 30.Rxg7 Qe5 31.Rxh7+ Kg8 32.Rh3 Rf7 33.Qc8+  1-0

[Event "Petroff Mem Open"]
[Site "St Petersburg RUS"]
[Date "2000.02.10"]
[Round "4"]
[White "Sivokho,S"]
[Black "Vaulin,A"]
[Result "1/2-1/2"]
[WhiteElo "2436"]
[BlackElo "2540"]

1.e4 c5 2.c3 Nf6 3.e5 Nd5 4.d4 cxd4 5.Nf3 e6 6.cxd4 d6 7.Bc4 Nb6 8.Bb3 dxe5
9.Nxe5 Nc6 10.Nxc6 bxc6 11.O-O Be7 12.Nc3 O-O 13.Bf4 Ba6 14.Re1 Bc4 15.Bc2 Bd5
16.Re3 g6 17.Rh3 Bf6 18.Qg4 Re8 19.Rd1 Nd7 20.Ne4 Bxe4 21.Bxe4 Rc8 22.Qe2 Nb6
23.Ra3 Re7 24.Be5 Rd7 25.Bf3 Bxe5 26.dxe5 Rxd1+ 27.Qxd1 Qc7 28.Qe2 Nd7 29.Qa6 Nxe5
30.Qxa7 Nxf3+ 31.gxf3 Qe5 32.Qb7 Qg5+ 33.Kf1 Qc1+ 34.Kg2  1/2-1/2

[Event "Petroff Mem Open"]
[Site "St Petersburg RUS"]
[Date "2000.02.10"]
[Round "4"]
[White "Deviatkin,A"]
[Black "Rashkovsky,N"]
[Result "1/2-1/2"]
[WhiteElo "2410"]
[BlackElo "2523"]

1.e4 c5 2.c3 Nf6 3.e5 Nd5 4.d4 cxd4 5.Qxd4 e6 6.Nf3 Nc6 7.Qe4 f5 8.Qe2 Qc7
9.g3 d6 10.exd6 Bxd6 11.Bg2 O-O 12.O-O Nf6 13.Nd4 Nxd4 14.cxd4 Bd7 15.Na3 Qb6
16.Nc4 Qa6 17.b3 Nd5 18.Re1 Bc7 19.a4 Rfe8 20.Ba3 Bc6 21.Rac1 Ba5 22.Nxa5 Qxa5
23.Rc5 Qd8 24.Qc2 Qd7 25.Bxd5 exd5 26.Qd2 Rxe1+ 27.Qxe1 Re8 28.Qd2 Qe7 29.Bb4 Qf6
30.Rc1 Re4 31.Bc3 f4 32.Re1 fxg3 33.hxg3 Qe6 34.f3 Rxe1+ 35.Qxe1 Qf5 36.Qe3 h6
37.Kf2 Bd7 38.g4 Qc2+ 39.Bd2  1/2-1/2

[Event "8th Valle d'Aosta Open"]
[Site "Saint Vincent ITA"]
[Date "2000.02.14"]
[Round "3"]
[White "Godena,M"]
[Black "Vera,R"]
[Result "1/2-1/2"]
[WhiteElo "2487"]
[BlackElo "2546"]

1.e4 c5 2.c3 Nf6 3.e5 Nd5 4.Nf3 d6 5.Bc4 e6 6.d4 cxd4 7.cxd4 Be7 8.O-O Nc6
9.Qe2 O-O 10.Rd1 Bd7 11.Bd2 Rc8 12.Nc3 Nxc3 13.Bxc3 d5 14.Bd3 Nb4 15.Bb1 Qb6
16.h4 Bb5 17.Qd2 a5 18.Ng5 g6 19.h5 Kg7 20.Qe3 h6 21.Nh3 g5 22.f4 gxf4 23.Qxf4 Rh8
24.a3 Nc6 25.Bd3 Rcg8 26.Rf1 Nd8 27.Bxb5 Qxb5 28.Rf3 Kf8 29.Qd2 a4 30.Raf1 Ke8
31.Qe3 Bg5  1/2-1/2

[Event "It"]
[Site "Ptuj SLO"]
[Date "2000.02.16"]
[Round "6"]
[White "Kos,T"]
[Black "Polajzer,D"]
[Result "1-0"]
[WhiteElo "2300"]
[BlackElo "2387"]

1.e4 c5 2.c3 Nf6 3.e5 Nd5 4.d4 cxd4 5.Qxd4 e6 6.Nf3 Nc6 7.Qe4 d6 8.Nbd2 Nxe5
9.Nxe5 dxe5 10.Qxe5 Bd7 11.Nf3 Rc8 12.Bd3 Nf6 13.Qg3 Nh5 14.Qe5 Rc5 15.Qe2 Bd6
16.g3 a6 17.O-O Nf6 18.Rd1 Qc7 19.c4 Qb8 20.b3 h5 21.b4 Rc8 22.c5 Bc7 23.Bb2 Bc6
24.Ng5 Bd5 25.Bg6 fxg6 26.Rxd5 O-O 27.Qxe6+ Kh8 28.Nf7+ Kh7 29.Bxf6 gxf6
30.Qxf6 Rcd8 31.Rxh5+  1-0

[Event "Petroff Mem Open"]
[Site "St Petersburg RUS"]
[Date "2000.02.16"]
[Round "9"]
[White "Alekseev,E"]
[Black "Aseev,K"]
[Result "1/2-1/2"]
[WhiteElo "2475"]
[BlackElo "2517"]

1.e4 c5 2.c3 Nf6 3.e5 Nd5 4.d4 cxd4 5.Nf3 Nc6 6.Bc4 Nb6 7.Bb3 d5 8.exd6 Qxd6
9.O-O Be6 10.Na3 dxc3 11.Qe2 Bxb3 12.Nb5 Qb8 13.axb3 g6 14.Be3 Nc8 15.Ra4 Bg7
16.Bf4 e5 17.Nxe5 Nxe5 18.Bxe5 Bxe5 19.f4 O-O 20.fxe5 cxb2 21.Raf4 Nb6 22.Qxb2 Nd5
23.R4f3 Qc8 24.Nd6 Qe6 25.Nxf7 Rae8 26.Qd2 b5 27.Qh6 Qb6+ 28.Kh1 Re7 29.Ng5 Rxf3
30.Rxf3 Qb8 31.e6 Nf4 32.Ne4 Nxe6 33.h3 Qc8 34.Nf6+ Kh8 35.Rg3 Nf8 36.Qd2 Qe6
37.Qf4 Qe5 38.Qh4 Qe1+ 39.Kh2 Qe5 40.Ng4 Qd6 41.Qg5 b4 42.h4 Nd7 43.h5 Nc5
44.Qh6 Rg7 45.Nf2 Ne6 46.Qc1 Qc5 47.Qe1 Qxh5+ 48.Rh3 Qd5 49.Rd3 Qc6 50.Qe5 Qc7
51.Rd6 Nd8 52.Qe8+ Rg8 53.Qe5+ Rg7 54.Qe8+ Rg8 55.Qe5+ Rg7 56.Qe8+ Rg8 57.Qe5+ Rg7  1/2-1/2

[Event "Open"]
[Site "Cannes FRA"]
[Date "2000.02.20"]
[Round "1"]
[White "Drazic,S"]
[Black "Maruejols,C"]
[Result "1-0"]
[WhiteElo "2483"]
[BlackElo "2129"]

1.e4 c5 2.c3 Nf6 3.e5 Nd5 4.g3 Nc6 5.Bg2 e6 6.Nf3 b6 7.O-O Bb7 8.Na3 d6 9.Nc4 dxe5
10.Nfxe5 Bd6 11.d4 O-O 12.Nxc6 Bxc6 13.dxc5 Bxc5 14.Ne5 Bb5 15.c4 f6 16.Nd3 Bxc4
17.Nxc5 bxc5 18.Re1 Nb4 19.Be3 Qxd1 20.Rexd1 Rac8 21.Rac1 Ba6 22.Rd6 Rfd8
23.Rxe6 Nxa2 24.Ra1 Bc4 25.Re7 a6 26.Bb7 Kf8 27.Re4 Rc7 28.Rxc4 Rxb7 29.Rxa2  1-0

[Event "Open"]
[Site "Cannes FRA"]
[Date "2000.02.21"]
[Round "2"]
[White "Brunelliere,P"]
[Black "Peyrin,J"]
[Result "1-0"]
[WhiteElo "2294"]
[BlackElo "2073"]

1.e4 c5 2.c3 Nf6 3.e5 Nd5 4.d4 cxd4 5.Nf3 e6 6.cxd4 b6 7.Nc3 Nxc3 8.bxc3 Qc7
9.Bd2 Be7 10.Bd3 Bb7 11.O-O d6 12.Re1 Nd7 13.Bg5 dxe5 14.Bxe7 Kxe7 15.Nxe5 Nf6
16.c4 Rhe8 17.Qd2 Kf8 18.Qf4 Qe7 19.Bxh7 g5 20.Qxf6 Qxf6 21.Nd7+ Kg7 22.Nxf6 Kxf6
23.Bc2 Rac8 24.Bb3 Red8 25.Red1 Rd6 26.Rd2 Ba6 27.Rc1 Rdc6 28.Rdc2 Rd8 29.d5 Rc5
30.Rc3 Bb7 31.dxe6 fxe6 32.f3 Rd2 33.R3c2 Rxc2 34.Rxc2 e5 35.Kf2 Bc8 36.Ke3 Be6
37.g3 Bf5 38.Rd2 Be6 39.Kd3 Bf5+ 40.Kc3 a5 41.Rd6+ Be6 42.Rxb6 Ke7 43.Ra6 Bf7
44.Kd3 Be8 45.Ra7+ Kf6 46.Kc3 Bc6 47.Rc7  1-0

[Event "ch-Serbia"]
[Site "Kragujevac YUG"]
[Date "2000.02.21"]
[Round "3"]
[White "Grbic,M"]
[Black "Bojkovic,N"]
[Result "1-0"]
[WhiteElo "2211"]
[BlackElo "2423"]

1.e4 c5 2.c3 Nf6 3.e5 Nd5 4.d4 cxd4 5.Nf3 e6 6.cxd4 d6 7.Bc4 Nc6 8.O-O Nb6
9.Bd3 Nb4 10.Be2 dxe5 11.Nxe5 Be7 12.Bb5+ Bd7 13.Nxd7 Nxd7 14.a3 Nd5 15.Nc3 Nxc3
16.bxc3 O-O 17.Be3 Nb6 18.Qb3 Rc8 19.Rac1 Nd5 20.Bd2 Bg5 21.Rfd1 Bxd2 22.Rxd2 Qg5
23.Rdc2 Rfd8 24.Bf1 Nb6 25.Rd1 Qh5 26.Be2 Qh4 27.a4 Rc7 28.a5 Nc8 29.g3 Qe4
30.Bd3 Qf3 31.Be2 Qd5 32.Qa4 Qe4 33.c4 g6 34.Rcd2 Rcd7 35.Bf1 Nd6 36.c5 Nf5
37.Bg2 Qg4 38.h3 Qg5 39.a6 bxa6 40.c6 Rc7 41.d5 exd5 42.Rxd5 Rxd5 43.Rxd5 h5
44.g4 hxg4 45.hxg4 Qh4 46.Qa5 Rxc6 47.Rd8+ Kh7 48.Bxc6 Qxg4+ 49.Bg2 Nd4 50.Qd5 Ne6
51.Rd7 Ng5 52.Rxa7 Qf4 53.Qd1 Qc4 54.Ra8 Kg7 55.Qa1+ Kh6 56.Rxa6 Qg4 57.Qc1 Kh5
58.Ra3 f6 59.Rg3 Qd4 60.Bf3+ Kh6 61.Rg4 Qe5 62.Kg2 Kg7 63.Qb1 Qe6 64.Qb7+ Kf8
65.Rh4  1-0

[Event "Open"]
[Site "Cannes FRA"]
[Date "2000.02.22"]
[Round "3"]
[White "Cooper,L"]
[Black "Letreguilly,O"]
[Result "1-0"]
[WhiteElo "2338"]
[BlackElo "2260"]

1.e4 c5 2.c3 Nf6 3.e5 Nd5 4.g3 d6 5.exd6 e6 6.Bg2 Bxd6 7.Ne2 Nc6 8.d4 cxd4
9.Nxd4 Nxd4 10.Qxd4 O-O 11.O-O Qc7 12.Nd2 Bc5 13.Qd3 Rd8 14.Qe2 e5 15.Ne4 Be7
16.Rd1 Be6 17.Ng5 Bxg5 18.Bxg5 f6 19.Bd2 Rac8 20.Rac1 b5 21.b3 Qe7 22.Qxb5 Nxc3
23.Bxc3 Rxd1+ 24.Rxd1 Rxc3 25.Bd5 Kf7 26.Bxe6+ Kxe6 27.Qd5+ Kf5 28.Qd7+ Qxd7
29.Rxd7 a5 30.Ra7 Rc5 31.Rxg7 Rc2 32.a4 h5 33.Ra7 Rc5 34.Rb7 Rc2 35.Rb5 Rb2
36.Kg2 Ke4 37.Rxa5 Rxb3 38.Ra6 Kf5 39.a5 Ra3 40.h3 Kg5 41.Ra8 Kh6 42.a6 Kg7
43.Kf1 Ra2 44.Ke1 Kh7 45.g4 h4 46.Kf1 Kg7 47.a7 Ra6 48.Ke2 Ra3 49.Kd2 Ra5
50.Kd3 Ra4 51.Kc3 Ra3+ 52.Kb4 Ra2 53.Kc5 Ra5+ 54.Kb6  1-0

[Event "Open"]
[Site "Cannes FRA"]
[Date "2000.02.23"]
[Round "4"]
[White "Rouzaud,P"]
[Black "Pascal,P"]
[Result "0-1"]
[WhiteElo "2196"]
[BlackElo "2052"]

1.e4 c5 2.c3 Nf6 3.e5 Nd5 4.d4 e6 5.Nf3 d6 6.a3 cxd4 7.cxd4 dxe5 8.dxe5 Be7
9.Bd3 Nd7 10.O-O Nf8 11.Qe2 Ng6 12.g3 b6 13.Bb5+ Bd7 14.Rd1 O-O 15.Bxd7 Qxd7
16.Bd2 Rfd8 17.Nc3 Qb7 18.h4 h6 19.h5 Nf8 20.Ne4 Nd7 21.g4 Nc5 22.Nxc5 bxc5
23.Qe4 Rab8 24.Rab1 Qb3 25.Ba5 Nb6 26.Nd2 Qh3 27.Bxb6 Rd4 28.Bxa7 Rbd8 29.Rdc1 Rxe4
30.Nxe4 Qxg4+ 31.Ng3 Rd5 32.Re1 Bh4 33.Re4 Qg5 34.Rxh4 Qxh4 35.Re1 Qg5 36.Bb8 Rd7
37.Ba7 Rd5 38.Bb8 g6 39.hxg6 fxg6 40.Kh2 Qf4 41.Kg2 Rd2 42.Ne4 Rc2 43.b4 cxb4
44.axb4 Qg4+ 45.Kh2 Kg7 46.Bd6 h5 47.Bc5 Rc4 48.Ng3 h4 49.Ne2 Rc2 50.Ng1 g5
51.Nh3 Qf5 52.Nxg5 Rxf2+ 53.Kh1 Rf1+ 54.Rxf1 Qxf1+ 55.Bg1 h3  0-1

[Event "Open"]
[Site "Cannes FRA"]
[Date "2000.02.25"]
[Round "6"]
[White "Brunelliere,P"]
[Black "Duquesnoy,JP"]
[Result "1/2-1/2"]
[WhiteElo "2294"]
[BlackElo "2173"]

1.e4 c5 2.c3 Nf6 3.e5 Nd5 4.d4 cxd4 5.Nf3 e6 6.cxd4 b6 7.Nc3 Nxc3 8.bxc3 Qc7
9.Bd2 Be7 10.Bd3 Ba6 11.Bxa6 Nxa6 12.O-O  1/2-1/2

[Event "Metalis Open"]
[Site "Bizovac CRO"]
[Date "2000.02.26"]
[Round "5"]
[White "Sermek,D"]
[Black "Licina,Z"]
[Result "1-0"]
[WhiteElo "2517"]
[BlackElo "2339"]

1.e4 c5 2.c3 Nf6 3.e5 Nd5 4.Nf3 Nc6 5.d4 cxd4 6.cxd4 d6 7.Bc4 Nb6 8.Bb3 dxe5
9.d5 Na5 10.Nc3 Nxb3 11.Qxb3 e6 12.Nxe5 Bd6 13.Qb5+ Ke7 14.dxe6 Bxe6 15.O-O a6
16.Qe2 Qc7 17.Be3 Bxe5 18.Bxb6 Qxb6 19.Qxe5 Kf8 20.Ne4 h5 21.Rad1 Rh6 22.Rd6 Qb4
23.Rfd1 Kg8 24.Rd8+ Rxd8 25.Rxd8+ Kh7 26.Ng5+ Kg6 27.Rg8 f6 28.Qxe6  1-0

[Event "Metalis Open"]
[Site "Bizovac CRO"]
[Date "2000.02.26"]
[Round "6"]
[White "Palac,M"]
[Black "Kozul,Z"]
[Result "0-1"]
[WhiteElo "2570"]
[BlackElo "2597"]

1.e4 c5 2.c3 Nf6 3.e5 Nd5 4.Nf3 e6 5.Bc4 Nb6 6.Bb3 c4 7.Bc2 Nc6 8.O-O g5
9.Qe2 Bg7 10.Qe4 d5 11.exd6 f5 12.Qe2 g4 13.Ne1 O-O 14.Na3 e5 15.Nxc4 Nxc4
16.Qxc4+ Kh8 17.d4 exd4 18.Bf4 dxc3 19.bxc3 Ne5 20.Qd5 Ng6 21.Nd3 Bd7 22.Be5 Bc6
23.Bxg7+ Kxg7 24.Qd4+ Qf6 25.Nf4 Qxd4 26.Ne6+ Kf6 27.Nxd4 Rad8 28.Nxc6 bxc6
29.f3 Ke6 30.Rab1 Nf4  0-1

[Event "ch-YUG (women) qualifier"]
[Site "Kragujevac YUG"]
[Date "2000.02.26"]
[Round "8"]
[White "Ivanovic,J"]
[Black "Stojanovic,A"]
[Result "1-0"]
[WhiteElo "2078"]
[BlackElo "2141"]

1.e4 c5 2.c3 Nf6 3.e5 Nd5 4.d4 cxd4 5.Nf3 e6 6.cxd4 d6 7.Bc4 Nc6 8.O-O Be7
9.a3 O-O 10.Nbd2 dxe5 11.dxe5 Qc7 12.Qe2 Nf4 13.Qe4 Ng6 14.Re1 a6 15.b4 b5
16.Bd3 Bb7 17.Qe3 a5 18.Bxb5 axb4 19.a4 Na7 20.Bf1 Bc5 21.Qg5 h6 22.Qg3 Ne7
23.Nb3 Nf5 24.Qh3 Be7 25.g4 Qc3 26.gxf5 Qxf3 27.Qxf3 Bxf3 28.f6 gxf6 29.Bxh6 Rfd8
30.Re3 Bh5 31.Rg3+ Bg6 32.Be3 Nc6 33.Bg2 Rac8 34.Bb6 Re8 35.exf6 Bxf6 36.Rd1 Be5
37.Rg4 Bg7 38.Rc4 Ne5 39.Rxb4 Bc2 40.Rd2 Bxb3 41.Rxb3 Rc1+ 42.Bf1 Nf3+ 43.Rxf3  1-0

[Event "3rd Open"]
[Site "Malaga ESP"]
[Date "2000.02.26"]
[Round "2"]
[White "Nuevo Perez,A"]
[Black "Vera,R"]
[Result "0-1"]
[WhiteElo "2195"]
[BlackElo "2546"]

1.e4 c5 2.c3 Nf6 3.e5 Nd5 4.d4 cxd4 5.Nf3 Nc6 6.cxd4 d6 7.Nc3 e6 8.Nxd5 exd5
9.Bd3 Bg4 10.Qb3 Bxf3 11.gxf3 dxe5 12.Qxb7 Nxd4 13.Be3 Bc5 14.Rc1 Rb8 15.Qa6 Nxf3+
16.Ke2 Bxe3 17.Bb5+ Kf8 18.fxe3 e4 19.Rc6 g6 20.Rhc1 Qg5  0-1

[Event "Open"]
[Site "Cannes FRA"]
[Date "2000.02.27"]
[Round "8"]
[White "Rouzaud,P"]
[Black "Julian,S"]
[Result "1/2-1/2"]
[WhiteElo "2196"]
[BlackElo "2120"]

1.e4 c5 2.c3 Nf6 3.e5 Nd5 4.d4 cxd4 5.Nf3 Nc6 6.Bc4 Nb6 7.Bb3 e6 8.cxd4 d6
9.Bg5 Be7 10.Bxe7 Nxe7 11.Qe2 dxe5 12.dxe5 Bd7 13.Nc3 Bc6 14.O-O Qc7 15.Rac1 O-O
16.Rfe1 a6 17.Bc2 Ng6 18.Be4 Rac8 19.Qe3 Nc4 20.Qg5 Ncxe5 21.Nxe5 Qxe5 22.Qxe5 Nxe5
23.Bxh7+ Kxh7 24.Rxe5 Rfd8 25.f3 Rd2 26.Re2 Rcd8 27.Rc2 Rxc2 28.Rxc2 Kg6
29.Kf2 f5 30.f4 Kf6 31.Re2 Rh8 32.h3 Rd8 33.Nb1 Bb5 34.Rd2 Rxd2+ 35.Nxd2 e5
36.g3 g5 37.fxe5+ Kxe5 38.Nf3+ Kf6 39.h4 gxh4 40.gxh4 Bc4 41.b3 Bd5 42.Ke3 b5
43.Nd4 Ke5 44.Ne2 Bg8 45.h5 a5 46.h6 a4 47.b4 Kf6 48.a3 Kg5 49.Nd4 f4+ 50.Kf3 Bd5+
51.Kf2 Kxh6 52.Nxb5 Kg5 53.Nc3 Bb3 54.b5 Be6 55.Nxa4 Kf5 56.Nc5 Bc8 57.b6 Ke5
58.b7 Bxb7 59.Nxb7 Kd4 60.Nd6 Kc3 61.Ke2 Kb3 62.Nb5 Ka4  1/2-1/2

[Event "II Vince Toth Mem"]
[Site "Rio de Janeiro BRA"]
[Date "2000.03.03"]
[Round "9"]
[White "Matsuura,E"]
[Black "Galego,L"]
[Result "1-0"]
[WhiteElo "2441"]
[BlackElo "2451"]

1.e4 c5 2.c3 Nf6 3.e5 Nd5 4.d4 cxd4 5.Nf3 e6 6.cxd4 d6 7.Bc4 Nb6 8.Bd3 Nc6
9.Bg5 Be7 10.Bxe7 Qxe7 11.O-O dxe5 12.dxe5 O-O 13.Nc3 Rd8 14.Qe2 Nd5 15.Qe4 g6
16.Nxd5 Rxd5 17.Bc4 Rd8 18.Rad1 Rxd1 19.Rxd1 Bd7 20.Qf4 Be8 21.Ng5 Rd8 22.Rd6 Kg7
23.h4 Rxd6 24.exd6 e5 25.Qd2 Qd7 26.Qd5 Qf5 27.Bd3 Qg4 28.Ne4 Bd7 29.Nc5 Be6
30.Nxe6+ Qxe6 31.Qxe6 fxe6 32.Be4 Nd8 33.Kh2 Kf7 34.Kg3 Ke8 35.Kg4 Kf7 36.Kg5 Kg7
37.Kg4 Kf6 38.h5 b6 39.hxg6 hxg6 40.d7 Nf7 41.Kf3 Nd8 42.Ke3 Nf7 43.Kd3 g5
44.Ke3 Ke7 45.Kf3 Kxd7 46.Kg4 Nd6 47.f3 Nc4 48.Kxg5 Ke7 49.b3 Nd6 50.Kg6 Nf7
51.g4 Nh8+ 52.Kh7 Nf7 53.Kg7 Ng5 54.Kg6 Nh3 55.g5 Nf4+ 56.Kh6  1-0

[Event "33rd 8th March Women's It"]
[Site "Belgrade YUG"]
[Date "2000.03.04"]
[Round "2"]
[White "Maric,M"]
[Black "Stepovaia Dianchenko,T"]
[Result "1/2-1/2"]
[WhiteElo "2324"]
[BlackElo "2420"]

1.e4 c5 2.c3 Nf6 3.e5 Nd5 4.Nf3 e6 5.d4 cxd4 6.cxd4 d6 7.Bc4 Nc6 8.O-O Nb6
9.Bd3 Nb4 10.Be2 Bd7 11.Nc3 Bc6 12.a3 N4d5 13.Ne4 Be7 14.Bd3 Qc7 15.Bg5 f6
16.exd6 Bxd6 17.Nxd6+ Qxd6 18.Bh4 O-O-O 19.Be4 g5 20.Bg3 Qd7 21.Rc1 h5 22.b4 a6
23.h4 gxh4 24.Nxh4 Rdg8 25.Qf3 Rg4 26.a4 Nxa4 27.Bxd5 Qxd5 28.Qxf6 Rhg8 29.Qf3 Qxf3
30.Nxf3 Kd8 31.Ne5 h4 32.Nxg4 Rxg4 33.Rxc6 bxc6 34.Be5 Kc8 35.Ra1 Nc3 36.Rxa6 Kb7
37.Ra1 Nd5 38.Kh2 Re4 39.Kh3 Re2 40.f3 Ne3 41.Kxh4 Rxg2 42.Bf4 Nf5+ 43.Kh3 Rb2
44.Be5 Rxb4 45.Re1 Kb6 46.Re4 Kb5 47.Bf6 Kb6 48.Kg4 Kc7 49.Rxe6 Nxd4 50.Bxd4 Rxd4+
51.f4 c5  1/2-1/2

[Event "Oz.com qualifier blitz"]
[Site "Internet ICC"]
[Date "2000.03.05"]
[Round "1"]
[White "Batista,G"]
[Black "Vescovi,G"]
[Result "0-1"]
[WhiteElo "2234"]
[BlackElo "2511"]

1.e4 c5 2.c3 Nf6 3.e5 Nd5 4.d4 cxd4 5.Nf3 e6 6.cxd4 d6 7.a3 Bd7 8.Bd3 Bc6
9.O-O Nd7 10.Re1 Be7 11.Nc3 Nxc3 12.bxc3 O-O 13.Bd2 Qc7 14.Be4 Bxe4 15.Rxe4 dxe5
16.Nxe5 Nxe5 17.Rxe5 Bd6 18.Rh5 Bf4 19.Rc5 Qd6 20.g3 Bxd2 21.Qxd2 b6 22.Re5 Rac8
23.a4 Rfd8 24.Qe3 a6 25.a5 b5 26.h4 h6 27.Re1 Qc7 28.Rc5 Qxa5 29.Rxc8 Rxc8
30.d5 Qxc3 31.dxe6 Qxe3 32.Rxe3 fxe6 33.Rxe6 Ra8 34.Kf1 Kf7 35.Rb6 a5 36.Rxb5 a4
37.Rb2 Ke6 38.Ke2 Kd5 39.Kf3 a3 40.Ra2 Kc4 41.Kg4 Ra5 42.f4 h5+ 43.Kf3 Kb3
44.Ra1 a2 45.g4 Kb2 46.Rxa2+ Kxa2  0-1

[Event "Oz.com qualifier blitz"]
[Site "Internet ICC"]
[Date "2000.03.05"]
[Round "3"]
[White "Furdzik,R"]
[Black "Zaremba,An"]
[Result "1-0"]
[WhiteElo "2188"]
[BlackElo "2337"]

1.e4 c5 2.c3 Nf6 3.e5 Nd5 4.d4 d6 5.Nf3 dxe5 6.Nxe5 e6 7.Bd3 Nd7 8.O-O Nxe5
9.dxe5 Be7 10.Qg4 g6 11.Rd1 Qc7 12.Bb5+ Kf8 13.Bh6+ Kg8 14.Qe4 Bf8 15.Bxf8 Kxf8
16.c4 Ne7 17.Nc3 a6 18.Ba4 Kg7 19.Qf4 Rf8 20.Qf6+ Kg8 21.h4 Nf5 22.g4 Nd4
23.h5 Qd8 24.Ne4 Qxf6 25.Nxf6+ Kg7 26.b4 Nf3+ 27.Kg2 Nxe5 28.g5 gxh5 29.Nxh5+ Kg6
30.Nf6 Rh8 31.f4 Nxc4 32.bxc5 Ne3+ 33.Kf3 Nxd1 34.Rxd1 h6 35.Ne8 hxg5 36.Rg1 Rh7
37.Rxg5+ Kh6 38.Nf6 Rg7 39.Ng4+ Kh7 40.Nf6+ Kh6 41.Ng4+ Kh7 42.Nf6+ Kh6 43.Ng4+ Kh7
44.Nf6+ Kh6 45.Ng4+ Kh7 46.Nf6+ Kh8 47.Rh5+ Rh7 48.Rxh7+  1-0

[Event "Oz.com qualifier blitz"]
[Site "Internet ICC"]
[Date "2000.03.05"]
[Round "3"]
[White "Skiadopoulos,N"]
[Black "Johnson,Be"]
[Result "0-1"]
[WhiteElo "2242"]
[BlackElo "2185"]

1.e4 c5 2.c3 Nf6 3.e5 Nd5 4.d4 cxd4 5.Nf3 e6 6.cxd4 b6 7.Nc3 Bb4 8.Bd2 Bxc3
9.bxc3 Bb7 10.Bd3 d6 11.O-O Nc6 12.Re1 Rc8 13.exd6 Qxd6 14.Ne5 Nxe5 15.Rxe5 Nxc3
16.Qg4 g6 17.Bh6 Bd5 18.a4 Bc4 19.Rae1 Kd7 20.Qf3 f5 21.Bxc4 Rxc4 22.Rxe6 Qxe6
23.Rxe6 Kxe6 24.d5+ Nxd5 25.h4 Rhc8 26.h5 Rxa4 27.Qe2+ Re4 28.Qa6 Rc7 29.Bg5 f4
30.Qa1 Re5 31.Bd8 Rc8 32.Bh4 g5 33.Qa6 Rc1+ 34.Kh2 gxh4  0-1

[Event "Oz.com qualifier blitz"]
[Site "Internet ICC"]
[Date "2000.03.05"]
[Round "5"]
[White "Hadzimanolis,A"]
[Black "Krush,I"]
[Result "0-1"]
[WhiteElo "2224"]
[BlackElo "2399"]

1.e4 c5 2.c3 Nf6 3.e5 Nd5 4.d4 cxd4 5.Nf3 e6 6.cxd4 b6 7.Nc3 Nxc3 8.bxc3 Qc7
9.Bd2 Bb7 10.Bd3 d6 11.O-O Nd7 12.Ng5 g6 13.Qg4 Be7 14.exd6 Qxd6 15.Bf4 e5
16.Bc4 O-O 17.Qh4 h5 18.dxe5 Qc6 19.Qg3 Qxc4 20.Rad1 Nc5 21.Rd4 Qxa2 22.Rfd1 Rad8
23.e6 Nxe6 24.Nxf7 Kxf7 25.Rxd8 Rxd8 26.Re1 Qe2  0-1

[Event "Oz.com qualifier blitz"]
[Site "Internet ICC"]
[Date "2000.03.05"]
[Round "5"]
[White "Ferron Garcia,C"]
[Black "Shahade,G"]
[Result "1-0"]
[WhiteElo "2199"]
[BlackElo "2461"]

1.e4 c5 2.c3 Nf6 3.e5 Nd5 4.Bc4 e6 5.Nf3 d6 6.d4 cxd4 7.cxd4 Be7 8.O-O O-O
9.Qe2 Nc6 10.Qe4 Qc7 11.Bd3 f5 12.exf6 Nxf6 13.Qe2 Nb4 14.Bc4 Kh8 15.Nc3 d5
16.Bb3 Nc6 17.Re1 Ng4 18.Nb5 Qb8 19.h3 Nf6 20.Bg5 a6 21.Nc3 Bd7 22.Rad1 Qd6
23.Ne5 Nd8 24.Bc2 Be8 25.Qd3 g6 26.Bh6 Rg8 27.Bf4 Qb6 28.Bb3 Rc8 29.Rc1 Rf8
30.Bh6 Rg8 31.Nxd5 Rxc1 32.Nxb6 Rxe1+ 33.Kh2 Bf8 34.Qf3 Bg7 35.Bxg7+ Kxg7
36.Qc3 Re2 37.d5 exd5 38.Nxd5 Rf8 39.Nxf6 Kxf6 40.Nd7+ Ke7 41.Nxf8 Kxf8 42.Qh8+  1-0

[Event "Oz.com qualifier blitz"]
[Site "Internet ICC"]
[Date "2000.03.05"]
[Round "5"]
[White "Pavasovic,D"]
[Black "Halkias,S"]
[Result "0-1"]
[WhiteElo "2544"]
[BlackElo "2482"]

1.e4 c5 2.c3 Nf6 3.e5 Nd5 4.Nf3 Nc6 5.Bc4 Nb6 6.Bb3 c4 7.Bc2 Qc7 8.Qe2 g5
9.h3 Bg7 10.a4 Nxe5 11.Nxg5 Nd5 12.d4 cxd3 13.Bxd3 Nf4 14.Bxf4 Nxd3+ 15.Qxd3 Qxf4
16.Qd2 Qe5+ 17.Kd1 O-O 18.Re1 Qf5 19.g4 Qg6 20.f4 e6 21.Na3 d5 22.Nb5 Bd7
23.Nd4 Bf6 24.Ngf3 Qg7 25.g5 Be7 26.Nf5 exf5 27.Rxe7 Be6 28.Rxb7 d4 29.Nxd4 Rfd8
30.Kc2 Bd5 31.Re7 Be4+ 32.Kc1 Rac8 33.Kd1 Qg6 34.Qe2 Kf8 35.Re5 h6 36.Kd2 Rxd4+
37.cxd4 Rc2+ 38.Ke3 Rxe2+ 39.Kxe2 hxg5 40.Rg1 Qh5+ 41.Kd2 g4 42.Rxg4 Qxh3
43.Rg5 Qd3+ 44.Ke1 Qe3+ 45.Kd1 Qxd4+ 46.Ke2 Qd3+ 47.Kf2 Qf3+ 48.Kg1 Qxf4  0-1

[Event "Oz.com qualifier blitz"]
[Site "Internet ICC"]
[Date "2000.03.05"]
[Round "6"]
[White "Ratcu,T"]
[Black "Ottosen,D"]
[Result "0-1"]
[WhiteElo "2226"]
[BlackElo "2114"]

1.e4 c5 2.c3 Nf6 3.e5 Nd5 4.d4 cxd4 5.Qxd4 e6 6.Nf3 Nc6 7.Qe4 f5 8.Qe2 g6
9.g3 Bg7 10.c4 Nde7 11.b3 Qc7 12.Bb2 O-O 13.Bg2 b6 14.O-O Bb7 15.Nbd2 d5
16.exd6 Qxd6 17.Rfe1 Bxb2 18.Rab1 Bg7 19.Qxe6+ Qxe6 20.Rxe6 Rf6 21.Rbe1 Rxe6
22.Rxe6 Rd8 23.Kf1 h6 24.Ke1 Kf7 25.Re3 Nb4 26.Kf1 Bxf3 27.Nxf3 Rd1+ 28.Re1 Rxe1+
29.Nxe1 Nxa2 30.Ke2 Nc1+ 31.Ke3 Nxb3  0-1

[Event "Oz.com qualifier blitz"]
[Site "Internet ICC"]
[Date "2000.03.05"]
[Round "6"]
[White "Leiro Giralt,D"]
[Black "Landenbergue,C"]
[Result "0-1"]
[WhiteElo "2206"]
[BlackElo "2406"]

1.e4 c5 2.c3 Nf6 3.e5 Nd5 4.d4 cxd4 5.Nf3 e6 6.cxd4 b6 7.Bd3 Ba6 8.Bxa6 Nxa6
9.O-O Be7 10.Nbd2 O-O 11.Ne4 Nac7 12.Bg5 f5 13.exf6 Nxf6 14.Bxf6 Bxf6 15.Rc1 Nd5
16.Nxf6+ gxf6 17.Re1 Qe7 18.Qa4 Kh8 19.g3 Rg8 20.Kh1 Qg7 21.Nd2 a6 22.Ne4 b5
23.Qd1 Qg4 24.Qxg4 Rxg4 25.f3 Rgg8 26.Nc3 Nb4 27.Rcd1 Rac8 28.a3 Nc2 29.Re2 Nxa3
30.Ne4 Nc4 31.Nxf6 Rg7 32.d5 exd5 33.Rxd5 Rf7 34.Nxd7 Rxf3 35.Ne5 Re3 36.Rxe3 Nxe3
37.Nf7+ Kg7  0-1

[Event "Oz.com qualifier blitz"]
[Site "Internet ICC"]
[Date "2000.03.05"]
[Round "7"]
[White "Triunfetti,C"]
[Black "Grivas,E"]
[Result "0-1"]
[WhiteElo "2220"]
[BlackElo "2503"]

1.e4 c5 2.c3 Nf6 3.e5 Nd5 4.Nf3 Nc6 5.d4 cxd4 6.cxd4 d6 7.Nc3 dxe5 8.dxe5 Nxc3
9.Qxd8+ Nxd8 10.bxc3 Bd7 11.Be3 e6 12.Be2 b6 13.O-O Rc8 14.c4 Bc5 15.a4 Bxe3
16.fxe3 Rc5 17.a5 bxa5 18.Rfd1 Ke7 19.Rd6 Nc6 20.Rad1 Rd8 21.Nd4 Nxe5 22.Ra6 Rc7
23.Rxa5 f6 24.c5 Rb8 25.Rda1 Rb2 26.Bf3 g5 27.Rxa7 Rxc5 28.R1a6 Rc1+  0-1

[Event "Sufe Cup"]
[Site "Shanghai CHN"]
[Date "2000.03.08"]
[Round "6"]
[White "Nay Oo Kyaw Tun"]
[Black "Bologan,V"]
[Result "0-1"]
[WhiteElo "2595"]
[BlackElo "2589"]

1.e4 c5 2.c3 Nf6 3.e5 Nd5 4.d4 cxd4 5.Nf3 e6 6.cxd4 d6 7.Bc4 Nb6 8.Bb5+ Bd7
9.Bxd7+ Qxd7 10.O-O Nc6 11.Qe2 Be7 12.Nc3 O-O 13.Rd1 d5 14.b3 Rfc8 15.Bb2 a6
16.Rac1 Rc7 17.g3 Rac8 18.Kg2 Na8 19.h4 b5 20.Qd3 h6 21.Ne1 Nb6 22.Ne2 Qd8
23.Qb1 Nd7 24.Nf3 b4 25.Nf4 a5 26.Qd3 a4 27.bxa4 Nb6 28.Nd2 Nxa4 29.Qb3 Nb6
30.Ne2 Ra8 31.Rc2 Na5 32.Qd3 Nac4 33.Ba1 Rac8 34.Rdc1 Rc6 35.Nf3 Na8 36.Nf4 Nc7
37.Ne2 Nb5 38.Nd2 Nba3  0-1